[Event "ICS Rated blitz match"]
[Site "204.178.125.65"]
[Date "1999.10.17"]
[Round "?"]
[White "Hossa"]
[Black "PowerWindows"]
[Result "1-0"]
[WhiteElo "2521"]
[BlackElo "2230"]
[PlyCount "71"]
[EventDate "1999.??.??"]

1. e4 c5 2. Nf3 e6 3. d4 cxd4 4. Nxd4 Nf6 5. Nc3 Nc6 6. Nxc6 bxc6 7. e5 Nd5 8.
Ne4 Qc7 9. f4 Qb6 10. Bd3 Ba6 11. Bxa6 Qxa6 12. Kf2 Qb6+ 13. Kf3 f5 14. Nf2 Rb8
15. c4 Nb4 16. Be3 Bc5 17. Re1 a5 18. Bxc5 Qxc5 19. b3 Ke7 20. Re2 Rhd8 21. a3
Na6 22. Rd2 Qb6 23. Rb1 Qc5 24. Qc1 Rb7 25. Rd6 g5 26. Nd3 g4+ 27. Ke2 Qb6 28.
c5 Qa7 29. Qc3 Nc7 30. a4 Nd5 31. Qe1 Rdb8 32. Qh4+ Ke8 33. Qh5+ Kd8 34. Qg5+
Kc7 35. Qg7 Re8 36. Qxd7+ {PowerWindows resigns} 1-0

[Event "ICS Rated blitz match"]
[Site "204.178.125.65"]
[Date "1999.09.29"]
[Round "?"]
[White "Hossa"]
[Black "Randolf-Raatass"]
[Result "1-0"]
[WhiteElo "2496"]
[BlackElo "2136"]
[Annotator "Fritz 5.32 (29s)"]
[PlyCount "53"]
[EventDate "1999.??.??"]

1. e4 Nf6 2. e5 Nd5 3. c4 Nb6 4. d4 d6 5. exd6 cxd6 6. Nc3 g6 7. a4 Bg7 8. a5
N6d7 9. Nf3 Nc6 (9... O-O 10. Ra3 Nc6 11. d5 Nb4 12. Be2 Nc5 13. O-O Bf5 14.
Nb5 Nc2 15. Ra2 Nb4 16. Ra3 16... Nc2 {
1-0 Romero Holmes,A-Fernandez Garcia,J/Ponferrada 1992/EXT 97 (16)}) 10. a6
$146 (10. Be3 O-O 11. Be2 (11. d5 Nxa5 12. Ra3 b6 13. b4 Nb7 14. Nb5 a6 15.
Nfd4 Nb8 16. Nc6 Qd7 17. Nxb8 Rxb8 18. Rxa6 Nc5 19. Ra7 Bc3+ 20. Bd2 Bxd2+ 21.
Qxd2 Rb7 22. Rxb7 Nxb7 23. Be2 Qd8 24. O-O Bd7 25. Ra1 25... Bxb5 {
Horvath,A-Varga,P/Budapest 1998/EXT 99/1-0 (45)}) 11... Nxa5 12. O-O Nc6 13.
Qd2 Nf6 14. d5 Nb4 15. Rxa7 Rxa7 16. Bxa7 16... Bg4 {
- Sarapu,O-Branz,J/Bad Wildbad 1997/EXT 99 (16)}) 10... bxa6 {Ueberdeckt b5}
11. Be2 O-O 12. O-O Nb6 13. Re1 Bg4 14. Rxa6 Bxf3 (14... Qc8 15. Ra1 $14) 15.
Bxf3 {Weiss geht zum Angriff ueber} 15... Nxd4 $16 (15... Qc8 $5 {
muss erwogen werden} 16. Bxc6 16... Qxc6 $14) 16. Bxa8 Qxa8 17. Rxe7 17... Nxc4
$2 $18 (17... Nc6 $5 $142 18. Rexa7 Nxa7 19. Rxb6 Bxc3 20. bxc3 20... Nc6 $16)
18. Raxa7 {Die Oeffnung der a-Linie verschafft Weiss Drohungen} 18... Qb8 19.
Rab7 Qd8 20. Rbd7 (20. Ne4 d5 21. Nc3 21... Ne5 $18) 20... Qa8 21. Qf1 Ne5 22.
Rxd6 Nf5 23. Ra6 Qb8 24. Rea7 24... Nh4 $2 (24... Ng4 $142 25. g3 25... Bd4 $18
) 25. Qd1 (25. Qb5 {ist genauer} 25... Qxb5 26. Nxb5 26... Nd3 $18) 25... Rd8 (
25... Re8 26. Be3 h5 27. Qd5 Qxb2 28. Ra8 $18) 26. Qxd8+ Qxd8 27. Ra8 {
Es droht Matt} (27. Ra8 27... Qf8 {
Schwarz kann das gewonnene Material nicht behalten} 28. Bf4 $18) 1-0

[Event "ICS Rated blitz match"]
[Site "204.178.125.65"]
[Date "1999.08.29"]
[Round "?"]
[White "Hossa"]
[Black "RedBear"]
[Result "0-1"]
[WhiteElo "2499"]
[BlackElo "2551"]
[PlyCount "158"]
[EventDate "1999.??.??"]

1. Nf3 Nf6 2. g3 g6 3. Bg2 Bg7 4. Nc3 O-O 5. e4 d5 6. exd5 Nxd5 7. Nxd5 Qxd5 8.
O-O Nc6 9. c3 Bg4 10. d4 Qh5 11. Bf4 e5 12. dxe5 Rfd8 13. Qe2 g5 14. h3 gxf4
15. hxg4 Qxg4 16. Qe4 Ne7 17. Qxf4 Qxf4 18. gxf4 Ng6 19. Nd4 c6 20. Rae1 Nxf4
21. e6 fxe6 22. Nxe6 Nxe6 23. Rxe6 Rd2 24. Rb1 Rf8 25. f3 Rf5 26. Kf1 Rg5 27.
Bh3 Rh2 28. f4 Rxh3 29. fxg5 Rh1+ 30. Kf2 Rxb1 31. Re2 Kf7 32. Ke3 Kg6 33. Rd2
Re1+ 34. Kf3 Bf8 35. Rd8 Rf1+ 36. Kg4 Rf5 37. Kh3 Rf2 38. Kg4 Bc5 39. b4 Be7
40. Rg8+ Kf7 41. Rh8 Rg2+ 42. Kf3 Rh2 43. Kg4 b6 44. a4 Ke6 45. g6 Rh4+ 46. Kg3
h5 47. g7 Rg4+ 48. Kf3 Rxg7 49. Rxh5 Rg1 50. Rh2 Rc1 51. Re2+ Kf7 52. Re3 Bf6
53. Re4 Rxc3+ 54. Ke2 Rb3 55. Rf4 Ke6 56. Rc4 Kd5 57. Rf4 Bd4 58. Rf7 Rxb4 59.
Rd7+ Kc4 60. Rxa7 Rb2+ 61. Kf3 Rf2+ 62. Kg3 Rf5 63. Kg4 Ra5 64. Rc7 c5 65. Rb7
Ra6 66. Kf5 Kd3 67. Kf4 c4 68. Rh7 Be3+ 69. Kf5 c3 70. Rd7+ Bd4 71. Rh7 c2 72.
Rh1 Rxa4 73. Kg6 Ra1 74. Rh3+ Kc4 75. Kf5 c1=Q 76. Ke6 Qe1+ 77. Kd7 Ra7+ 78.
Kd8 Bf6+ 79. Kc8 79... Qe8# {Hossa checkmated} 0-1

[Event "ICS Rated blitz match"]
[Site "204.178.125.65"]
[Date "1999.08.27"]
[Round "?"]
[White "Hossa"]
[Black "Ripari"]
[Result "1-0"]
[WhiteElo "2338"]
[BlackElo "2071"]
[PlyCount "71"]
[EventDate "1999.??.??"]

1. d4 Nf6 2. c4 c5 3. d5 b5 4. cxb5 a6 5. bxa6 Bxa6 6. Nf3 g6 7. Nc3 Bg7 8. Bg5
d6 9. e4 Bxf1 10. Rxf1 O-O 11. Nd2 Nbd7 12. Bxf6 Nxf6 13. Nc4 Qc7 14. f3 Rfb8
15. Rf2 Nd7 16. Kf1 Ne5 17. Qe2 Nxc4 18. Qxc4 Qa5 19. Rc2 Rb4 20. Qe2 Rab8 21.
Qd2 Rd4 22. Qe1 Rdb4 23. b3 Qa6+ 24. Qe2 Qa5 25. Rd1 Ra8 26. Qd2 Rd4 27. Qe1
Qa6+ 28. Qe2 Qa5 29. Rxd4 Bxd4 30. Nb5 Bg7 31. a4 Rb8 32. Rc4 Bh6 33. Kg1 Bd2
34. e5 Bg5 35. f4 Bxf4 36. Rxf4 {Ripari resigns} 1-0

[Event "ICS Rated blitz match"]
[Site "204.178.125.65"]
[Date "1999.08.27"]
[Round "?"]
[White "Hossa"]
[Black "Ripari"]
[Result "1-0"]
[WhiteElo "2348"]
[BlackElo "2060"]
[PlyCount "61"]
[EventDate "1999.??.??"]

1. c4 c5 2. Nc3 g6 3. e3 Bg7 4. d4 Nf6 5. Bd3 d6 6. Nge2 O-O 7. O-O Nc6 8. b3
Bg4 9. f3 Bd7 10. d5 Ne5 11. e4 Nxd3 12. Qxd3 a6 13. Rb1 Rb8 14. Bf4 b5 15. Qe3
b4 16. Nd1 a5 17. Bh6 a4 18. Qg5 axb3 19. axb3 Ra8 20. Ne3 Ra2 21. Nc1 Ra3 22.
Rd1 Qa8 23. Ne2 Ra2 24. Bxg7 Kxg7 25. Nc1 Ra1 26. Rxa1 Qxa1 27. Nd3 Qa2 28. e5
dxe5 29. Qxe5 Qxb3 30. Nxc5 Ba4 31. Nxb3 {Ripari resigns} 1-0

[Event "ICS Rated blitz match"]
[Site "204.178.125.65"]
[Date "1999.08.31"]
[Round "?"]
[White "Hossa"]
[Black "Risitas"]
[Result "1/2-1/2"]
[WhiteElo "2575"]
[BlackElo "2295"]
[PlyCount "83"]
[EventDate "1999.??.??"]

1. c4 c5 2. Nc3 Nc6 3. e4 g6 4. Nge2 d6 5. d3 Bg7 6. Nd5 e6 7. Ndc3 Nge7 8. Be3
e5 9. Nc1 O-O 10. Be2 Rb8 11. O-O a6 12. Qd2 b5 13. Rb1 b4 14. Nd5 Nd4 15. Bg5
f6 16. Bh6 Be6 17. f3 a5 18. Bd1 g5 19. Bxg7 Kxg7 20. Ne2 Nxe2+ 21. Bxe2 Nc6
22. a3 Nd4 23. axb4 Bxd5 24. cxd5 axb4 25. Ra1 Ra8 26. Rxa8 Qxa8 27. Bd1 Qa2
28. Re1 Ra8 29. Kh1 Nb3 30. Bxb3 Qxb3 31. Kg1 Ra2 32. Rb1 h6 33. Qe2 Qa4 34.
Kf2 Ra1 35. Rxa1 Qxa1 36. h3 Qc1 37. g3 b3 38. g4 Qc2 39. Kf1 Qc1+ 40. Kf2 Qc2
41. Kf1 Qc1+ 42. Kf2 {Game drawn by repetition} 1/2-1/2

[Event "ICS Rated blitz match"]
[Site "204.178.125.65"]
[Date "1999.09.23"]
[Round "?"]
[White "Hossa"]
[Black "Simem"]
[Result "1-0"]
[WhiteElo "2445"]
[BlackElo "1725"]
[PlyCount "73"]
[EventDate "1999.??.??"]

1. d4 Nf6 2. c4 e6 3. Nf3 b6 4. g3 Bb7 5. Bg2 Bb4+ 6. Bd2 Bxd2+ 7. Nbxd2 O-O 8.
O-O d5 9. cxd5 exd5 10. Ne5 c5 11. Rc1 Qe7 12. Nb3 c4 13. Nd2 Nbd7 14. Ndxc4
Nxe5 15. Nxe5 Rfc8 16. Qa4 a6 17. a3 b5 18. Qa5 Ne4 19. a4 f6 20. Nd3 bxa4 21.
Qxa4 Nd2 22. Rfe1 Nc4 23. e4 Bc6 24. Qa2 Bb5 25. exd5 Qd6 26. Nc5 Re8 27. Re6
Rxe6 28. dxe6 Re8 29. Rxc4 Bxc4 30. Qxc4 Kh8 31. b4 Rb8 32. Nxa6 Re8 33. d5 g6
34. b5 Kg7 35. Qc7+ Qxc7 36. Nxc7 Re7 37. d6 {Simem resigns} 1-0

[Event "ICS Rated blitz match"]
[Site "204.178.125.65"]
[Date "1999.10.18"]
[Round "?"]
[White "Hossa"]
[Black "Skeletor"]
[Result "0-1"]
[WhiteElo "2461"]
[BlackElo "2702"]
[PlyCount "174"]
[EventDate "1999.??.??"]

1. e4 e5 2. Nc3 Nf6 3. Nf3 Nc6 4. Bb5 Nd4 5. Ba4 Bc5 6. Nxe5 O-O 7. Nd3 Bb6 8.
e5 Ne8 9. Nd5 d6 10. Ne3 Qg5 11. f4 Qg6 12. b3 Bf5 13. Nxf5 Qxg2 14. Rf1 Nxf5
15. Qe2 Qxe2+ 16. Kxe2 c6 17. Ba3 Bd8 18. exd6 Nexd6 19. Bxd6 Nxd6 20. b4 a5
21. bxa5 Rxa5 22. Bb3 Rh5 23. Rf2 c5 24. c4 Bf6 25. Rb1 Ne4 26. Rg2 Re8 27. Kd1
Nd6 28. Ba4 Re4 29. Bb5 Bd4 30. Bd7 Re7 31. Bg4 Rh4 32. Bf3 Rh3 33. Be2 Kh8 34.
Rb3 Rh6 35. Bf3 Kg8 36. Rb6 Kf8 37. Bd5 Re8 38. Nc1 Ra8 39. Re2 Rf6 40. Kc2 Ra7
41. Re1 Nxc4 42. Rxb7 Na3+ 43. Kd1 Rxb7 44. Bxb7 Rxf4 45. Bc6 g5 46. Ne2 Rf2
47. Rh1 f5 48. Nxd4 cxd4 49. Ke1 Rf4 50. Ke2 Ke7 51. Kd3 Kd6 52. Bb7 Rf2 53.
Bc8 h6 54. h3 Rf4 55. Bb7 Rh4 56. Ba8 h5 57. Bf3 Kd7 58. Bg2 g4 59. Bf1 g3 60.
Rg1 f4 61. Kxd4 Kc7 62. Kc3 Kb6 63. Bg2 Nb5+ 64. Kd3 Nd6 65. Rc1 Kb5 66. Rc3
Kb4 67. a3+ Kb5 68. Ke2 Nf5 69. Rc7 Nd4+ 70. Kd1 f3 71. Bf1+ Ka4 72. Rg7 Nf5
73. Ra7+ Kb3 74. Rb7+ Kxa3 75. Ra7+ Kb3 76. Bd3 g2 77. Bc2+ Kb4 78. Rb7+ Kc5
79. Bxf5 g1=Q+ 80. Kc2 Rc4+ 81. Kb2 Qc1+ 82. Kb3 Qd1+ 83. Ka3 Ra4+ 84. Kb2 Qa1+
85. Kb3 Qa2+ 86. Kc3 Ra3+ 87. Rb3 87... Rxb3# {Hossa checkmated} 0-1

[Event "ICS Rated blitz match"]
[Site "204.178.125.65"]
[Date "1999.10.06"]
[Round "?"]
[White "Hossa"]
[Black "Skeletor"]
[Result "0-1"]
[WhiteElo "2516"]
[BlackElo "2682"]
[PlyCount "71"]
[EventDate "1999.??.??"]

1. c4 Nf6 2. Nf3 g6 3. d4 Bg7 4. Nc3 O-O 5. Bg5 d6 6. e3 Nbd7 7. Be2 e5 8. O-O
h6 9. Bh4 g5 10. Bg3 Nh5 11. Qd3 Nxg3 12. fxg3 exd4 13. exd4 c5 14. dxc5 Nxc5
15. Qd2 Qb6 16. Kh1 Re8 17. Ng1 Be6 18. Rae1 Qa5 19. Nf3 Bxc3 20. bxc3 Ne4 21.
Qc2 Nxc3 22. Qd2 b6 23. Qd4 Nxe2 24. Rxe2 Qc5 25. Rfe1 Rec8 26. Qf6 Bxc4 27.
Rc2 Re8 28. Rxe8+ Rxe8 29. Rc1 Re6 30. Qa1 Re2 31. Qf6 Qf2 32. Rg1 g4 33. Qxh6
gxf3 34. Qg5+ Kf8 35. Qh6+ Ke8 36. h3 {Hossa resigns} 0-1

[Event "ICS Rated blitz match"]
[Site "204.178.125.65"]
[Date "1999.10.06"]
[Round "?"]
[White "Hossa"]
[Black "Skeletor"]
[Result "0-1"]
[WhiteElo "2510"]
[BlackElo "2692"]
[PlyCount "81"]
[EventDate "1999.??.??"]

1. d4 d5 2. c4 dxc4 3. Nf3 Nf6 4. e3 e6 5. Bxc4 c5 6. O-O a6 7. Qe2 b5 8. Bd3
cxd4 9. exd4 Bb7 10. Nc3 Be7 11. Ne4 O-O 12. Nc5 Bd5 13. Be3 Nc6 14. Nd2 Nb4
15. Bb1 Bd6 16. Rc1 Qe7 17. a3 Nc6 18. Nf3 Rfc8 19. Nd3 Ng4 20. Bf4 h5 21. Be5
f6 22. Bf4 Bxf3 23. Qxf3 Nxd4 24. Rxc8+ Rxc8 25. Qd1 Bxf4 26. Nxf4 Qc7 27. g3
Qc5 28. Ba2 Rc6 29. Kg2 Nc2 30. Qd8+ Kh7 31. Nd3 Qf5 32. Rb1 Nce3+ 33. Kg1 Qf3
34. Bd5 exd5 35. Qxd5 Qxd5 36. Ne1 Nxf2 37. Kxf2 Qd2+ 38. Kf3 Ng4 39. Nd3 Re6
40. Rh1 Qe2+ 41. Kf4 {Hossa resigns} 0-1

[Event "ICS Rated blitz match"]
[Site "204.178.125.65"]
[Date "1999.09.11"]
[Round "?"]
[White "Hossa"]
[Black "Solido"]
[Result "1-0"]
[WhiteElo "2480"]
[BlackElo "2258"]
[PlyCount "91"]
[EventDate "1999.??.??"]

1. c4 g6 2. g3 Bg7 3. Bg2 d6 4. d4 Nd7 5. e4 e5 6. Ne2 Ngf6 7. d5 O-O 8. O-O a5
9. Bg5 h6 10. Bxf6 Nxf6 11. Nbc3 Nd7 12. f4 exf4 13. Nxf4 Nc5 14. Qf3 Qe7 15.
Rae1 Qd8 16. a3 Qe7 17. b4 axb4 18. axb4 Na4 19. Nxa4 Rxa4 20. Qb3 Bd7 21. Kh1
Rfa8 22. Nd3 Ra3 23. Qb1 b6 24. Nf4 R8a4 25. Rd1 b5 26. c5 dxc5 27. bxc5 Qxc5
28. Rc1 Rc4 29. Rce1 Qd4 30. Bf3 h5 31. Bg2 h4 32. gxh4 Rb4 33. Qc1 Rc3 34. Qa1
Ra4 35. Qb1 Bg4 36. Qxb5 Ra8 37. h3 Bh5 38. Nxh5 gxh5 39. Qe2 Qe5 40. Rf5 Qg3
41. Rg1 Qxh4 42. Rxh5 Qf4 43. Rf5 Qe3 44. Qh5 Qh6 45. Qxf7+ Kh8 46. Rh5 {
Solido resigns} 1-0

[Event "ICS Rated blitz match"]
[Site "204.178.125.65"]
[Date "1999.10.14"]
[Round "?"]
[White "Hossa"]
[Black "StrongBach"]
[Result "1-0"]
[WhiteElo "2368"]
[BlackElo "1935"]
[PlyCount "71"]
[EventDate "1999.??.??"]

1. Nf3 Nf6 2. c4 d5 3. cxd5 a6 4. e4 e6 5. dxe6 Bxe6 6. Ng5 Qd4 7. Nc3 Nc6 8.
Nxe6 fxe6 9. Qb3 Nd8 10. Qc4 e5 11. Be2 Be7 12. Qxc7 Nxe4 13. Nxe4 Qxe4 14. f3
Qd4 15. a3 b5 16. Rb1 Ra7 17. Qc3 Qd5 18. Bd1 O-O 19. Bb3 Rd7 20. Bxd5+ Rxd5
21. Qb3 Nf7 22. Qxd5 g6 23. Qb7 Bg5 24. Qxa6 Rb8 25. Qa7 Rd8 26. Qb7 Nd6 27.
Qc6 Kf8 28. d4 Bxc1 29. dxe5 Bxb2 30. Rxb2 Ne8 31. Rxb5 Kg8 32. Qe6+ Kf8 33.
Rb7 Nc7 34. Rxc7 Rd7 35. Rxd7 g5 36. Qf7# {StrongBach checkmated} 1-0

[Event "ICS Rated blitz match"]
[Site "204.178.125.65"]
[Date "1999.10.18"]
[Round "?"]
[White "Hossa"]
[Black "StrongBach"]
[Result "1-0"]
[WhiteElo "2522"]
[BlackElo "1874"]
[PlyCount "55"]
[EventDate "1999.??.??"]

1. e4 d5 2. e5 Nc6 3. d4 Bf5 4. Nf3 Nb4 5. Na3 Rc8 6. c3 Nc6 7. Qa4 Bg4 8. Bb5
Qd7 9. Bxc6 Qxc6 10. Qxa7 g6 11. O-O Bg7 12. Nh4 Rd8 13. Bg5 Bd7 14. Nc2 Bg4
15. Nb4 Qb5 16. a4 Qe2 17. Qxb7 Qxb2 18. Qc6+ Bd7 19. Qxc7 Bg4 20. Rfb1 Qe2 21.
Nxd5 Bxe5 22. dxe5 Rc8 23. Rb8 Qa6 24. Nxe7 h6 25. Nxc8 Qf1+ 26. Rxf1 Kf8 27.
Nd6+ Kg7 28. Qxf7# {StrongBach checkmated} 1-0

[Event "ICS Rated blitz match"]
[Site "204.178.125.65"]
[Date "1999.10.13"]
[Round "?"]
[White "Hossa"]
[Black "StrongBach"]
[Result "1-0"]
[WhiteElo "2401"]
[BlackElo "1821"]
[PlyCount "49"]
[EventDate "1999.??.??"]

1. Nf3 f6 2. d4 a5 3. e4 d5 4. exd5 Qxd5 5. Nc3 Qh5 6. Bf4 c6 7. Bc4 g5 8. Bc7
Bf5 9. O-O Qg6 10. Rc1 Bg7 11. Re1 Nd7 12. Bxg8 Rxg8 13. d5 c5 14. Qd2 h6 15.
Nb5 b6 16. Qe3 e5 17. dxe6 Nf8 18. Qb3 g4 19. Nh4 Bxc2 20. Qd5 Qe4 21. Rxe4
Bxe4 22. Nd6+ Ke7 23. Nhf5+ Bxf5 24. Nxf5+ Ke8 25. Qxa8# {StrongBach checkmated
} 1-0

[Event "ICS Rated blitz match"]
[Site "204.178.125.65"]
[Date "1999.10.15"]
[Round "?"]
[White "Hossa"]
[Black "StrongBach"]
[Result "1-0"]
[WhiteElo "2371"]
[BlackElo "1846"]
[PlyCount "67"]
[EventDate "1999.??.??"]

1. e4 e5 2. Nf3 Qf6 3. Bc4 Qg6 4. O-O Nc6 5. Nc3 Bb4 6. a3 Bxc3 7. bxc3 Nf6 8.
d3 O-O 9. Be3 h6 10. Nh4 Qg4 11. Qxg4 Nxg4 12. Bc1 Rd8 13. f4 d6 14. fxe5 Ngxe5
15. Ba2 b6 16. Bd5 Ba6 17. Rf2 g5 18. Nf5 h5 19. Bxg5 Rf8 20. Ng3 Rfe8 21. Nxh5
Rec8 22. d4 Rab8 23. Rf4 Bc4 24. Nf6+ Kg7 25. dxe5 dxe5 26. Rf5 Bxd5 27. exd5
Na5 28. Rxe5 Nc4 29. Re4 Kg6 30. Rxc4 Kxg5 31. Rf1 Rb7 32. Rg4+ Kh6 33. Rf3
Rcb8 34. Rh3# {StrongBach checkmated} 1-0

[Event "ICS Rated blitz match"]
[Site "204.178.125.65"]
[Date "1999.09.17"]
[Round "?"]
[White "Hossa"]
[Black "TDChess"]
[Result "0-1"]
[WhiteElo "2466"]
[BlackElo "2485"]
[Annotator "Fritz 5.32 (20s)"]
[PlyCount "45"]
[EventDate "1999.??.??"]

1. e4 1... d5 {Opening = B01 - 1.e4 d5} 2. exd5 Qxd5 3. Nc3 Qe6+ (3... Qe5+ 4.
Qe2 Qxe2+ 5. Bxe2 c6 6. Nf3 Nf6 7. d3 Bg4 8. h3 Bxf3 9. Bxf3 Nbd7 10. g3 e6 11.
a3 Nd5 12. Bd2 Be7 13. O-O 13... O-O {
- Meyer,S-Czech,L/Doernigheim 1994/GER (13)}) 4. Be2 4... Qg6 $146 {
Schwarz erlangt Initiative} (4... c5 5. Nf3 Nf6 6. O-O Nc6 7. Re1 a6 8. d4 Qd6
9. d5 Nd8 10. Bg5 b5 11. Bxf6 Qxf6 12. d6 exd6 13. Bxb5# {
1-0 McNerney-Kelly,M/Philadelphia 1995/EXT 97 (13)}) (4... Nf6 5. d4 c6 6. Nf3
h5 7. h4 g6 8. Bf4 Bg7 9. Qd2 Nd5 10. Nxd5 cxd5 11. O-O Nc6 12. c3 a6 13. Rfe1
Qd7 14. Bd3 Qd8 15. Bg5 Bf5 16. Bxf5 gxf5 17. Qd3 Qd7 18. Re2 O-O-O 19. b4 f6
20. Bf4 Rde8 21. Rae1 e6 22. a4 Bh6 23. Bxh6 Rxh6 24. b5 axb5 25. axb5 Nd8 26.
Ra1 Qg7 27. c4 Rg8 28. Ne1 Rg6 29. f3 dxc4 30. Qxc4+ Qc7 31. Qd3 Qd6 32. d5
Qxd5 33. Qc3+ Kb8 34. Rc2 Qd7 35. Qa3 Nc6 36. bxc6 bxc6 37. Qa8+ {
1-0 Muellen,A-Kohlei,R/Kettig 1994/GER (37)}) 5. Bf3 Nc6 6. Nge2 Bd7 7. Nb5 (7.
Nf4 Qf5 8. Nfd5 8... O-O-O $11) 7... O-O-O 8. d3 Ne5 9. Nxa7+ Kb8 10. Be4 f5
11. Nf4 Qa6 12. Bxb7 $19 (12. Bd5 $5 $142 12... Qxa7 13. O-O $19) 12... Qxb7 (
12... Qxa7 $6 13. Bd5 $15) 13. Qe2 Nf7 (13... Qxa7 $6 14. Qxe5 Nf6 15. O-O $17)
14. Be3 $2 (14. Ne6 14... Qxg2 $1 {logisch und kraftvoll} 15. Rf1 Kxa7 16. Nxd8
Nxd8 17. Bf4 $19) 14... e5 (14... Qxb2 15. O-O Ka8 16. Rfb1 Qxa1 17. Rxa1 $18)
15. Nh5 15... f4 $1 {glaenzend gespielt} (15... Qxb2 16. O-O Ka8 17. Rab1 $15)
16. Nxf4 exf4 17. Bxf4 Qxa7 ({Dagegen} 17... Kxa7 18. O-O $19) 18. O-O Nf6 19.
c3 Qb7 20. d4 Bc6 21. f3 Nh5 22. Be3 Bd6 23. Rfe1 0-1

[Event "ICS Rated blitz match"]
[Site "204.178.125.65"]
[Date "1999.09.16"]
[Round "?"]
[White "Hossa"]
[Black "TDChess"]
[Result "0-1"]
[WhiteElo "2476"]
[BlackElo "2555"]
[PlyCount "118"]
[EventDate "1999.??.??"]

1. e4 d5 2. exd5 Qxd5 3. d4 Nc6 4. Nf3 Bg4 5. Nc3 Qf5 6. Bb5 Bxf3 7. gxf3 Qg6
8. d5 O-O-O 9. Bxc6 bxc6 10. Qd4 e6 11. Qxa7 exd5 12. Qa4 d4 13. Ne2 Qf6 14.
Bf4 g5 15. Bd2 Qxf3 16. Qa6+ Kb8 17. O-O-O Be7 18. Rde1 h5 19. Rhf1 Rh6 20. Ng1
Qg2 21. f4 Re6 22. h3 g4 23. hxg4 Rxe1+ 24. Rxe1 hxg4 25. Ne2 Nh6 26. c3 Nf5
27. Nxd4 Nxd4 28. cxd4 Rxd4 29. Bc3 Re4 30. Rd1 Qf2 31. Qxc6 Qxf4+ 32. Kb1 Qf5
33. Ka1 Qe6 34. Qb5+ Qb6 35. Qe8+ Ka7 36. Qxf7 Qe6 37. Qxe6 Rxe6 38. Re1 Rxe1+
39. Bxe1 Bd6 40. Bf2+ Kb7 41. Bg1 g3 42. a3 Ka6 43. a4 Ka5 44. b3 Kb4 45. Be3
Bc5 46. Bf4 Bd4+ 47. Kb1 g2 48. Bh2 Kxb3 49. a5 c5 50. Kc1 c4 51. Kd2 c3+ 52.
Ke2 c2 53. Kf3 c1=Q 54. Bg1 Qxg1 55. Ke4 Qh1 56. Kd5 g1=Q+ 57. Ke6 Qg6+ 58. Ke7
Qf6+ 59. Kd7 59... Qhc6# {Hossa checkmated} 0-1

[Event "ICS Rated blitz match"]
[Site "204.178.125.65"]
[Date "1999.09.27"]
[Round "?"]
[White "Hossa"]
[Black "TDChess"]
[Result "1-0"]
[WhiteElo "2450"]
[BlackElo "2483"]
[PlyCount "75"]
[EventDate "1999.??.??"]

1. d4 Nf6 2. Nf3 e6 3. c4 Bb4+ 4. Nbd2 c5 5. a3 Bxd2+ 6. Bxd2 cxd4 7. Nxd4 O-O
8. Bb4 Re8 9. Nb5 a5 10. Bd6 Na6 11. e3 Ne4 12. Bd3 Nxd6 13. Nxd6 Rf8 14. O-O
Qh4 15. e4 Qf4 16. Bc2 Qe5 17. b3 Qb2 18. f4 Nc5 19. e5 Kh8 20. Rf2 Qc3 21. Rf3
Qb2 22. Rb1 Qxa3 23. b4 axb4 24. Rxa3 bxa3 25. Ra1 a2 26. Qd4 b6 27. Qb2 Rb8
28. Rxa2 h6 29. Ra7 Kg8 30. Ba4 Rd8 31. Qd4 Ba6 32. Bd1 Ra8 33. Rc7 Rf8 34. Bf3
Rab8 35. Qa1 f6 36. exf6 Rxf6 37. g3 Rff8 38. Rxc5 {TDChess resigns} 1-0

[Event "ICS Rated blitz match"]
[Site "204.178.125.65"]
[Date "1999.10.06"]
[Round "?"]
[White "Hossa"]
[Black "Talmoves"]
[Result "0-1"]
[WhiteElo "2543"]
[BlackElo "2591"]
[PlyCount "160"]
[EventDate "1999.??.??"]

1. e4 c6 2. Nc3 d5 3. Nf3 Bg4 4. Be2 e6 5. exd5 cxd5 6. O-O Nc6 7. d4 Qb6 8.
Ne5 Bxe2 9. Nxe2 Nxe5 10. dxe5 Bc5 11. c3 a5 12. Qa4+ Kf8 13. Nf4 Nh6 14. Nd3
Nf5 15. Bg5 Qc7 16. Qg4 Ba7 17. Rfd1 h6 18. Bd2 Qc4 19. Qh3 Rc8 20. Bf4 Rc6 21.
Bg5 d4 22. cxd4 Bxd4 23. Rdc1 Qd5 24. Rxc6 bxc6 25. Re1 Qxa2 26. Bc1 Qd5 27.
Kh1 c5 28. Nf4 Qb7 29. Re2 Qb5 30. g4 Qc6+ 31. Ng2 Ne7 32. f4 h5 33. gxh5 Nf5
34. Qg4 a4 35. Rd2 Qa6 36. Rd1 Qb7 37. Rd2 Qb5 38. Qf3 Rxh5 39. Qa8+ Ke7 40.
Qa7+ Ke8 41. Qa8+ Kd7 42. Qa7+ Kc6 43. Qa8+ Kc7 44. Qa7+ Qb7 45. Qa5+ Kc8 46.
Rd3 Nh4 47. Rg3 Nf3 48. Rxf3 Qxf3 49. Qa6+ Qb7 50. Qxa4 Rh8 51. Qa3 Kd7 52. Qd3
Ke8 53. b3 Bf2 54. Bd2 Qa8 55. Bc1 Qd5 56. Qb5+ Ke7 57. Qe2 Bg3 58. h4 Rxh4+
59. Kg1 Qd4+ 60. Be3 Qa1+ 61. Ne1 Qxe1+ 62. Qxe1 Bxe1 63. Kg2 Bb4 64. Bc1 Rh8
65. Be3 Ra8 66. Kf3 Ra3 67. Ke4 Rxb3 68. Bg1 Kd7 69. Bf2 c4 70. Kd4 Rf3 71. Be3
c3 72. Bc1 Rf1 73. Be3 Re1 74. Kc4 Rxe3 75. f5 c2 76. Kb5 Bd2 77. fxe6+ Kc7 78.
exf7 c1=Q 79. Ka6 Qc5 80. f8=R 80... Qb6# {Hossa checkmated} 0-1

[Event "ICS Rated blitz match"]
[Site "204.178.125.65"]
[Date "1999.09.13"]
[Round "?"]
[White "Hossa"]
[Black "Talmoves"]
[Result "0-1"]
[WhiteElo "2382"]
[BlackElo "2550"]
[PlyCount "115"]
[EventDate "1999.??.??"]

1. e4 c5 2. Nf3 e6 3. d4 cxd4 4. Nxd4 Nf6 5. Nc3 d6 6. Bc4 Be7 7. Bb3 a6 8. O-O
b5 9. f3 O-O 10. Re1 Qc7 11. Bg5 h6 12. Bh4 Nh5 13. Bxe7 Qxe7 14. Qd2 Qh4 15.
Rad1 Re8 16. a4 b4 17. Nce2 a5 18. Nb5 Rd8 19. Nxd6 Nc6 20. c3 Ba6 21. c4 Ne5
22. Qc1 Rd7 23. Rd4 Rad8 24. Red1 Kh7 25. Nb5 Rxd4 26. Nbxd4 Kg8 27. Ba2 Rd7
28. b3 Rc7 29. Qe3 Rd7 30. Qf2 Qd8 31. Bb1 Nxc4 32. bxc4 e5 33. Ba2 Qc7 34. f4
exd4 35. e5 d3 36. Nd4 Qc5 37. Rxd3 Bxc4 38. Bxc4 Qxc4 39. Rd1 g6 40. Kh1 b3
41. f5 gxf5 42. Qg1 b2 43. e6 fxe6 44. Qe1 Rxd4 45. Rxd4 Qxd4 46. Qxe6+ Kh7 47.
Qxf5+ Kg7 48. Qc2 Qd2 49. Qc7+ Kg6 50. Qb6+ Nf6 51. g3 Qb4 52. Qxb4 axb4 53.
Kg2 b1=Q 54. h3 Qc2+ 55. Kf3 Qd3+ 56. Kg2 Ne4 57. Kh1 Qxg3 58. a5 {
Hossa resigns} 0-1

[Event "ICS Rated blitz match"]
[Site "204.178.125.65"]
[Date "1999.08.30"]
[Round "?"]
[White "Hossa"]
[Black "Talmoves"]
[Result "0-1"]
[WhiteElo "2473"]
[BlackElo "2496"]
[PlyCount "148"]
[EventDate "1999.??.??"]

1. d4 Nf6 2. c4 e6 3. Nf3 d5 4. Bg5 Be7 5. e3 O-O 6. Nc3 Nbd7 7. Bd3 c6 8. O-O
dxc4 9. Bxc4 Nd5 10. Bxe7 Qxe7 11. Rc1 Nxc3 12. bxc3 e5 13. Qc2 e4 14. Nd2 Nb6
15. Rb1 Kh8 16. Be2 Bf5 17. Nc4 Nxc4 18. Bxc4 b6 19. a4 Rad8 20. Qa2 Qc7 21.
Rb2 Rd6 22. f3 Rh6 23. g4 Bg6 24. fxe4 Bxe4 25. Rxf7 Rxf7 26. Bxf7 Qd7 27. Bh5
Rxh5 28. gxh5 Qg4+ 29. Kf1 Qf3+ 30. Ke1 Qh1+ 31. Kd2 Qxh2+ 32. Ke1 Qg3+ 33. Rf2
Qxe3+ 34. Re2 Qxc3+ 35. Qd2 Qg3+ 36. Rf2 Bd5 37. h6 Bc4 38. hxg7+ Kxg7 39. Qf4
Qc3+ 40. Qd2 Qa1+ 41. Qd1 Qxd1+ 42. Kxd1 Bb3+ 43. Ke1 Bxa4 44. Ra2 b5 45. Re2
Kf7 46. Re5 Bb3 47. Re3 Bd5 48. Ra3 h5 49. Kf2 a5 50. Rxa5 Kg6 51. Ra1 Kf5 52.
Re1 h4 53. Kg1 Kg4 54. Kh2 h3 55. Re3 Bg2 56. Rg3+ Kf4 57. Rc3 Ke4 58. Rxc6
Kxd4 59. Rb6 Kc4 60. Rb8 b4 61. Kg3 b3 62. Kf2 Kc3 63. Rc8+ Kb2 64. Rc5 Ka3 65.
Ra5+ Kb4 66. Ra6 b2 67. Rb6+ Kc3 68. Rb5 Bd5 69. Rxd5 b1=Q 70. Rc5+ Kd4 71. Rh5
Qa2+ 72. Kg3 Qg8+ 73. Kh4 h2 74. Rh7 74... h1=Q# {Hossa checkmated} 0-1